Reestructuración productiva, mercado de trabajo y sindicatos en América Latina /

Zapisane w:
Opis bibliograficzny
1. autor: Garza Toledo, Enrique de la
Format: Texto
Wydane: Buenos Aires: CLACSO. ASDI
Etykiety: Dodaj etykietę
Nie ma etykietki, Dołącz pierwszą etykiete!

MARC

LEADER 00000 a a2200000 04500
001 12221
003
040
090 |a 142302  
100 |a Garza Toledo, Enrique de la  
245 |a Reestructuración productiva, mercado de trabajo y sindicatos en América Latina /  |c Enrique de la Garza Toledo 
260 |a Buenos Aires:   |b CLACSO. ASDI  
300 |a 198 p.  
300 |b **no definido**  
500 |a Disponible en Cd, en No. 194104  
999 |c 13023  |d 13023